Nosso frágil planeta (Record no. 136336)

MARC details
000 -LÍDER
campo de controle de tamanho fixo 00577 a2200181 4500
001 - NÚMERO DE CONTROLE
campo de controle 136336
020 ## - ISBN - INTERNATIONAL STANDARD BOOK NUMBER
ISBN - International Standard Book Number 9788599759066
040 ## - FONTE DA CATALOGAÇÃO
Instituição que transcreveu o registro Leonardo Da Vinci
041 ## - CÓDIGO DE IDIOMA
Código do idioma do texto/trilha sonora ou título diferente Português
082 ## - CDD - CLASSIFICAÇÃO DECIMAL DE DEWEY
Número de Classificação 614.4 B393n
Número do exemplar B393n
100 ## - ENTRADA PRINCIPAL--NOME PESSOAL
Nome pessoal BENARDE, Melvin A
245 ## - TÍTULO
Título Nosso frágil planeta
Restante do título e seus insensatos habitantes (o futuro está em suas mãos)
260 ## - PUBLICAÇÃO, DISTRIBUIÇÃO, ETC.
Nome do editor, distribuidor, etc. Ergo
Data da publicação, distribuição, etc. 2009
Local de publicação, distribuição, etc. Belo Horizonte
362 ## - DATAS DE PUBLICAÇÃO E/OU DESIGNAÇÃO SEQUENCIAL
Datas de publicação e/ou designação sequencial 20090000
500 ## - NOTA GERAL
Nota geral Título original: Our precarious habitat... it's in your hands
697 ## - ENTRADA DE ASSUNTO LOCAL--ENTIDADE COLETIVA (RLIN)
Nome corporativo ou nome da jurisdição Saúde pública
-- Meio ambiente
-- Poluição
-- Natureza
-- FIPEN
942 ## - ELEMENTOS DE ENTRADA ADICIONADOS (KOHA)
Tipo de material Koha Livros
Holdings
Situação do descarte Situação das perdas Situação física Não pode ser emprestado Biblioteca de origem Biblioteca atual Data de aquisição Total de empréstimos Número de chamada completo Código de barras Data de último acesso Data do preço efetivo Tipo de material Koha
        Leonardo Da Vinci - Osasco Leonardo Da Vinci - Osasco 27/03/2024   614.4 B393n O013751 27/03/2024 27/03/2024 Livros